[Event "Washington Open"]
[Site "Redmond, WA"]
[Date "2008.05.25"]
[Round "3"]
[White "Watts, Peter"]
[Black "Bragg, David"]
[Result "0-1"]
[WhiteElo "1845"]
[BlackElo "2210"]
[PlyCount "54"]
[EventDate "2008.05.??"]
[SourceDate "2008.05.24"]

1. d4 Nf6 2. c4 g6 3. Nf3 Bg7 4. Nc3 O-O 5. Bg5 c5 6. d5 d6 7. e4 h6 8. Bf4
Nbd7 9. h3 Kh7 10. Qd2 Nh5 11. Be3 f5 12. exf5 gxf5 13. g4 fxg4 14. Bd3+ Kg8
15. hxg4 Rxf3 16. Rxh5 Ne5 17. Be2 Bxg4 18. Rh4 h5 19. O-O-O Qf8 20. Ne4 Qf5
21. Ng3 Qf6 22. Bg5 Qf7 23. Be3 Rxf2 24. Bxf2 Qxf2 25. Bxg4 Qxd2+ 26. Kxd2 hxg4
27. Nh5 Nf3+ 0-1

[Event "Washington Open"]
[Site "Redmond, WA"]
[Date "2008.05.25"]
[Round "3"]
[White "Gordon, Seth"]
[Black "Gale, Geoff"]
[Result "0-1"]
[WhiteElo "1375"]
[BlackElo "2038"]
[PlyCount "60"]
[EventDate "2008.05.??"]
[SourceDate "2008.05.24"]

1. e4 c5 2. Nf3 Nc6 3. d4 cxd4 4. Nxd4 Nf6 5. Nxc6 bxc6 6. e5 Qa5+ 7. Bd2 Qxe5+
8. Be2 d5 9. Bc3 Qd6 10. O-O g6 11. f4 Bg7 12. Be5 Qd8 13. Nd2 O-O 14. g4 Ba6
15. Kh1 Bxe2 16. Qxe2 Nd7 17. Bxg7 Kxg7 18. c4 Re8 19. Rad1 Qc7 20. Qe3 Qb6 21.
Qc3+ d4 22. Qc2 c5 23. b3 Nf6 24. h3 Rad8 25. Qd3 e5 26. g5 Nh5 27. fxe5 Rxe5
28. h4 Re3 29. Rxf7+ Kxf7 30. Qf1+ Kg7 0-1

[Event "Washington Open"]
[Site "Redmond, WA"]
[Date "2008.05.25"]
[Round "3"]
[White "Readey, John"]
[Black "Rupel, David"]
[Result "1-0"]
[WhiteElo "2296"]
[BlackElo "2082"]
[PlyCount "86"]
[EventDate "2008.05.??"]
[SourceDate "2008.05.24"]

1. Nf3 d5 2. d4 Nf6 3. c4 e6 4. g3 c6 5. Bg2 Bb4+ 6. Bd2 Bxd2+ 7. Nbxd2 Nbd7 8.
O-O O-O 9. Qc2 h6 10. Rfd1 Qe7 11. e4 dxe4 12. Nxe4 Nxe4 13. Qxe4 Rd8 14. c5
Nf6 15. Qe2 Qc7 16. Ne5 Bd7 17. Rac1 Nd5 18. a3 b5 19. Be4 Be8 20. Bb1 f6 21.
Nf3 Bf7 22. Nd2 Ne7 23. Ba2 Rxd4 24. Bxe6 Rad8 25. Bxf7+ Kxf7 26. Nf3 Rxd1+ 27.
Rxd1 Rxd1+ 28. Qxd1 Nd5 29. Nd4 Qd7 30. Qh5+ Kg8 31. Qf3 a5 32. h4 b4 33. a4
Kh8 34. Qe4 Ne7 35. Kf1 f5 36. Qe5 Ng6 37. Qd6 Qf7 38. Qe6 Qxe6 39. Nxe6 Ne7
40. Nd4 Kg8 41. Ke2 Kf7 42. Kd3 f4 43. g4 Kf6 1-0

[Event "Washington Open"]
[Site "Redmond, WA"]
[Date "2008.05.25"]
[Round "3"]
[White "Cloy, Elston"]
[Black "Do, Nhon"]
[Result "0-1"]
[WhiteElo "1965"]
[BlackElo "2094"]
[PlyCount "82"]
[EventDate "2008.05.??"]
[SourceDate "2008.05.24"]

1. d4 Nf6 2. c4 c5 3. d5 b5 4. Nf3 Qa5+ 5. Bd2 b4 6. Na3 g6 7. Nc2 Qb6 8. a3 b3
9. Ne3 Ne4 10. Qb1 f5 11. g4 Qf6 12. gxf5 gxf5 13. Nd1 Ba6 14. Qd3 e5 15. Qxb3
Nxd2 16. Nxd2 Bh6 17. e3 O-O 18. Nc3 Kh8 19. O-O-O Qh4 20. f4 exf4 21. exf4
Qxf4 22. Bd3 d6 23. Kb1 Nd7 24. Rhf1 Qg5 25. Rf3 Qe7 26. Rxf5 Ne5 27. Rxf8+
Qxf8 28. Nb5 Rb8 29. Qc3 Bg7 30. a4 Bc8 31. Rf1 Qe7 32. Qc2 Bh3 33. Rg1 Nxd3
34. Qxd3 Qe5 35. Qa3 a6 36. Rxg7 Bf5+ 37. Ka2 Qxg7 38. Nxd6 Bc2 39. N2e4 Bxe4
40. Nxe4 Qd4 41. Qc3 Kg8 (41... Kg8 42. Qg3+) 0-1

[Event "Washington Open"]
[Site "Redmond, WA"]
[Date "2008.05.25"]
[Round "3"]
[White "Collyer, Curt"]
[Black "Bartron, Paul"]
[Result "1/2-1/2"]
[WhiteElo "2259"]
[BlackElo "2127"]
[PlyCount "112"]
[EventDate "2008.05.??"]
[SourceDate "2008.05.24"]

1. d4 f5 2. c4 b6 3. g3 Bb7 4. Nf3 Nf6 5. Bg2 g6 6. O-O Bg7 7. Nc3 O-O 8. Bf4
e6 9. Rc1 d6 10. c5 Na6 11. cxd6 cxd6 12. Nb5 Ne8 13. Qb3 Nac7 14. Rxc7 Nxc7
15. Bxd6 Nxb5 16. Bxf8 Bxf8 17. Qxe6+ Kg7 18. Qe5+ Qf6 19. Qxb5 Rc8 20. Ne5 Qe7
21. Qb3 Bxg2 22. Kxg2 Qb7+ 23. Qf3 Qe4 24. Qxe4 fxe4 25. Rb1 Rc2 26. e3 Bd6 27.
h3 Bxe5 28. dxe5 Kf7 29. Rd1 Ke7 30. Rd4 Rxb2 31. a4 a5 32. Rxe4 Rb4 33. Kf3
Ke6 34. g4 g5 35. Rd4 Kxe5 36. Rd7 Rxa4 37. Rxh7 b5 38. Rf7 b4 39. Rf5+ Ke6 40.
Rb5 Ra2 41. Ke4 b3 42. f4 Ra4+ 43. Kd3 gxf4 44. exf4 Rxf4 45. Rxb3 a4 46. Rb6+
Ke5 47. Ke3 Rc4 48. Rb5+ Kf6 49. Ra5 Rc3+ 50. Kf4 Rxh3 51. Rxa4 Rb3 52. Ra7
Rb4+ 53. Kg3 Rb6 54. Kh4 Kg6 55. Ra8 Rc6 56. Rg8+ Kh7 1/2-1/2

[Event "Washington Open"]
[Site "Redmond, WA"]
[Date "2009.09.??"]
[Round "3"]
[White "Moshiri, Ata"]
[Black "Levy, Mireya"]
[Result "1-0"]
[WhiteElo "1686"]
[BlackElo "1661"]
[PlyCount "81"]
[EventDate "2008.05.??"]
[SourceDate "2008.05.24"]

1. c4 f5 2. Nc3 Nf6 3. g3 e6 4. Bg2 d5 5. d4 c6 6. Nf3 Be7 7. O-O O-O 8. b3 Ne4
9. Bb2 Qe8 10. e3 Nd7 11. Nd2 Nxd2 12. Qxd2 dxc4 13. bxc4 e5 14. f4 e4 15. Rfd1
Nf6 16. d5 cxd5 17. cxd5 Bc5 18. h3 Qg6 19. Kh2 Rd8 20. Bf1 Be6 21. Bc4 Qh5 22.
Be2 Qh6 23. Rac1 Bxd5 24. Nxd5 Rxd5 25. Qxd5+ Nxd5 26. Rxc5 Nxe3 27. Rd7 Ng4+
28. Kg2 Nf6 29. Rxb7 Rd8 30. Rcc7 Qg6 31. Bc3 h6 32. Rxa7 e3 33. Bc4+ Kh8 34.
Bf7 Qh7 35. Kf3 h5 36. h4 Qh6 37. Bc4 Rd7 38. Rc8+ Kh7 39. Raa8 Ne8 40. Bb5 Rd1
41. Rxe8 1-0

[Event "Washington Open"]
[Site "Redmond, WA"]
[Date "2008.05.25"]
[Round "3"]
[White "Skulsky, Ian"]
[Black "Rozenfeld, Yevgeniy"]
[Result "1-0"]
[WhiteElo "2138"]
[BlackElo "1960"]
[PlyCount "79"]
[EventDate "2008.05.??"]
[SourceDate "2008.05.24"]

1. b4 e5 2. a3 d5 3. Bb2 f6 4. e3 Bd6 5. c4 c6 6. Nc3 Ne7 7. cxd5 cxd5 8. Nb5
Be6 9. Nf3 O-O 10. Be2 a6 11. Nxd6 Qxd6 12. d3 Nd7 13. O-O b5 14. Nd2 Nb6 15.
Rc1 Na4 16. Ba1 Rfc8 17. Nb3 Rxc1 18. Nxc1 d4 19. exd4 exd4 20. Bg4 f5 21. Bf3
Rc8 22. Re1 Nc3 23. Qd2 Kf7 24. Ne2 Nxe2+ 25. Qxe2 g6 26. Bxd4 Nd5 27. Bc5 Qd7
28. Qe5 Nf6 29. Bd4 Ne8 30. Qh8 h5 31. Qh7+ Kf8 32. Bc5+ Rxc5 33. Qxd7 Bxd7 34.
bxc5 a5 35. Bb7 Kf7 36. d4 Nc7 37. d5 b4 38. axb4 axb4 39. c6 Be8 40. d6 1-0

[Event "Washington Open"]
[Site "Redmond, WA"]
[Date "2008.05.25"]
[Round "3"]
[White "Wilson, Matthew"]
[Black "Kelley, Dereque"]
[Result "0-1"]
[WhiteElo "1863"]
[BlackElo "2072"]
[PlyCount "60"]
[EventDate "2008.05.??"]
[SourceDate "2008.05.24"]

1. e4 c5 2. Nf3 Nc6 3. d4 cxd4 4. Nxd4 Nf6 5. Nc3 e5 6. Ndb5 d6 7. Bg5 a6 8.
Na3 b5 9. Bxf6 gxf6 10. Nd5 Bg7 11. c4 O-O 12. Bd3 f5 13. O-O fxe4 14. Bxe4 Rb8
15. Nf6+ Qxf6 16. Bxc6 Qg6 17. cxb5 e4 18. Qe2 Bg4 19. f3 Bxf3 20. Qc2 f5 21.
Rab1 axb5 22. Kh1 Bh5 23. Nxb5 Be5 24. a4 Rfc8 25. Bd5+ Kh8 26. Qf2 f4 27. Rfe1
e3 28. Qg1 Rc2 29. Bf3 Rg8 30. Nc3 Bxf3 0-1

[Event "Washington Open"]
[Site "Redmond, WA"]
[Date "2008.05.25"]
[Round "3"]
[White "Brewster, Robert"]
[Black "Webb, Delmar"]
[Result "1/2-1/2"]
[WhiteElo "1978"]
[BlackElo "1785"]
[PlyCount "58"]
[EventDate "2008.05.??"]
[SourceDate "2008.05.24"]

1. e4 Nf6 2. Nc3 d5 3. exd5 Nxd5 4. Nxd5 Qxd5 5. Qf3 Qxf3 6. Nxf3 g6 7. d4 Bg7
8. Bf4 c6 9. Be5 O-O 10. Bxg7 Kxg7 11. O-O-O Bg4 12. Be2 Nd7 13. h3 Bxf3 14.
Bxf3 e6 15. Rhe1 Rac8 16. Kb1 b5 17. h4 h5 18. Re3 Nf6 19. g3 Rfd8 20. Red3 Nd5
21. c3 a5 22. R3d2 Rb8 23. Rc2 Rd6 24. Kc1 Rbd8 25. Re2 f5 26. Rde1 Kf6 27. Re5
a4 28. Kc2 R8d7 29. Bxd5 cxd5 1/2-1/2

[Event "Washington Open"]
[Site "Redmond, WA"]
[Date "2008.05.25"]
[Round "3"]
[White "Cadman, Charles"]
[Black "Chan, James"]
[Result "1-0"]
[WhiteElo "2262"]
[BlackElo "1963"]
[PlyCount "67"]
[EventDate "2008.05.??"]
[SourceDate "2008.05.24"]

1. e4 e5 2. Nf3 Nc6 3. Bb5 a6 4. Ba4 d6 5. O-O Nf6 6. Re1 Bd7 7. c3 g6 8. d4
Qe7 9. d5 Nb8 10. Bxd7+ Nbxd7 11. c4 Bg7 12. Nc3 O-O 13. b4 b6 14. Bb2 Nh5 15.
a4 Nf4 16. a5 f5 17. Qc2 Nf6 18. Ra3 fxe4 19. Nxe4 Ng4 20. axb6 cxb6 21. c5
bxc5 22. bxc5 dxc5 23. d6 Qa7 24. h3 Nh6 25. Bxe5 Bxe5 26. Nxe5 Nf5 27. d7 Nd4
28. Qc4+ Nfe6 29. Ng5 Qb6 30. Nd3 Rf6 31. Ne4 Rf5 32. Nexc5 Kf7 33. Rxa6 Rxa6
34. Nxe6 (34. Nxe6 Nxe6 35. Rxe6 Qxe6 (35... Ra1+ 36. Re1+) 36. d8=N+) 1-0

[Event "Washington Open"]
[Site "Redmond, WA"]
[Date "2008.05.25"]
[Round "3"]
[White "Poitras, Luc"]
[Black "Carr, Leroy Dillon"]
[Result "1-0"]
[WhiteElo "2223"]
[BlackElo "1469"]
[PlyCount "23"]
[EventDate "2008.05.??"]
[SourceDate "2008.05.24"]

1. e4 e6 2. d4 d5 3. Nc3 Nf6 4. Bg5 Be7 5. e5 Nfd7 6. h4 Bxg5 7. hxg5 Qxg5 8.
Nh3 Qh6 9. Qf3 a6 10. Ne2 f6 11. g4 O-O 12. Nhf4 1-0

[Event "Washington Open"]
[Site "Redmond, WA"]
[Date "????.??.??"]
[Round "3"]
[White "Lee, Jonah"]
[Black "Shimota, Carl"]
[Result "0-1"]
[WhiteElo "918"]
[BlackElo "1472"]
[PlyCount "82"]
[EventDate "2008.05.??"]
[SourceDate "2008.05.24"]

1. c4 e5 2. g3 Nf6 3. Bg2 Bc5 4. d3 Nc6 5. Nc3 O-O 6. e3 d6 7. Nge2 Bg4 8. O-O
Qc8 9. Re1 Qf5 10. b3 Nb4 11. Nd5 Nfxd5 12. Be4 Qh5 13. cxd5 f5 14. Bg2 Rae8
15. a3 Na6 16. b4 Bb6 17. Qd2 Nb8 18. a4 a6 19. a5 Ba7 20. Bb2 Nd7 21. Rac1 Bb8
22. Rc2 Nf6 23. Qc3 Rf7 24. e4 Bf3 25. Bc1 fxe4 26. dxe4 Nxe4 27. Qe3 Bxg2 28.
Kxg2 Rxf2+ 29. Qxf2 Nxf2 30. Kxf2 Ba7+ 31. Kg2 Qf5 32. Nd4 Bxd4 33. Rce2 Rf8
34. Bd2 Qf3+ 35. Kh3 Rf5 36. Re4 Rh5+ 37. Rh4 Rxh4+ 38. Kxh4 h5 39. h3 Bf2 40.
Re3 Bxg3+ 41. Kg5 Qf4+ 0-1

[Event "Washington Open"]
[Site "Redmond, WA"]
[Date "2008.05.25"]
[Round "4"]
[White "Rozenfeld, Yevgeniy"]
[Black "Moshiri, Ata"]
[Result "1-0"]
[WhiteElo "1960"]
[BlackElo "1686"]
[Annotator "Harrison"]
[PlyCount "119"]
[EventDate "2008.05.??"]
[SourceDate "2008.05.24"]

1. e4 c5 2. Nf3 Nc6 3. d4 cxd4 4. Nxd4 Nf6 5. Nc3 e5 6. Ndb5 d6 7. Bg5 a6 8.
Na3 b5 9. Nd5 Be7 10. Bxf6 Bxf6 11. c3 Bg5 (11... O-O) 12. Nc2 O-O 13. a4 bxa4
14. Rxa4 a5 15. Bc4 Rb8 16. b3 Kh8 17. O-O f5 18. f3 (18. exf5) 18... Qe8 $146
(18... fxe4) (18... Bd7) (18... Ne7) 19. Na3 Qg6 20. Bb5 Bb7 21. exf5 Qxf5 22.
Nc4 Qe6 23. Ncb6 Rbd8 24. Bxc6 Bxc6 25. Rxa5 $16 Qh6 26. Nc4 Rf5 27. Qd3 Rdf8
28. Nce3 (28. Nb4 $18) 28... R5f7 29. b4 Qe6 30. c4 h5 31. b5 Bxd5 32. Nxd5 e4
33. Qe2 Qg6 34. Ra3 h4 35. h3 Bf6 36. f4 Bd4+ 37. Kh1 Be5 38. Qe3 Qh6 39. Qxe4
Bxf4 40. Nxf4 Rxf4 41. Rxf4 Qxf4 42. Qxf4 Rxf4 43. Rc3 Rf1+ 44. Kh2 Rb1 45. Rd3
Rb4 46. Rd4 g5 47. Kg1 Kg7 48. Kf2 Kf7 49. Ke3 Ke6 50. Re4+ Kf5 51. Kd4 Rb1 (
51... Rxc4+ $6 52. Kxc4 Kxe4 53. b6 d5+ 54. Kc3 Ke3 55. b7 d4+ 56. Kc2 Ke2 57.
b8=Q d3+ 58. Kc3 d2 59. Qb2 $18) 52. Kd5 Rb2 53. Rg4 Rd2+ 54. Kc6 d5 55. c5 d4
56. b6 d3 57. b7 Rb2 58. Rd4 d2 59. Kc7 Ke5 60. Rd8 1-0

[Event "Washington Open"]
[Site "Redmond, WA"]
[Date "2008.05.25"]
[Round "4"]
[White "Pupols, Viktors"]
[Black "Lee, Michael"]
[Result "1/2-1/2"]
[WhiteElo "2214"]
[BlackElo "2314"]
[Annotator "Harrison"]
[PlyCount "124"]
[EventDate "2008.05.??"]
[SourceDate "2008.05.24"]

1. Nf3 Nf6 2. d4 g6 3. b4 d5 4. e3 c6 5. c4 Bg7 6. Bb2 Bf5 7. Nc3 O-O 8. Be2
Ne4 9. O-O Nxc3 10. Bxc3 Nd7 11. cxd5 cxd5 12. Qb3 Nf6 13. Rfd1 Ne4 14. Be1 Qd6
15. Rac1 g5 16. Nd2 Nf6 17. Nf1 h5 18. b5 h4 19. Bb4 Qd7 20. Bd3 Be6 21. Rc2
Ne8 22. Qa3 Nd6 23. Bxd6 Qxd6 24. Qxd6 exd6 25. Rc7 Rab8 26. Rdc1 Bf6 27. Nd2
Bd8 28. R7c2 f5 29. Nb3 Bd7 30. Rc3 Ra8 31. Nd2 Ba5 32. R3c2 Rae8 33. Nb3 Bd8
34. Rc3 Kh8 35. Be2 f4 36. Bf3 fxe3 37. Rxe3 Rxe3 38. fxe3 g4 39. Bxd5 Bg5 40.
Re1 Bxb5 41. Nd2 b6 42. Be6 g3 43. Nf3 Bh6 44. Kh1 Rf6 45. d5 Bc4 46. Nxh4 Bxa2
47. hxg3 b5 48. Rc1 b4 49. Rc8+ Bf8 50. g4 b3 51. Rb8 Kh7 52. g5 Rf1+ 53. Kh2
a5 54. Rb5 Bg7 55. Bf5+ Kg8 56. Rb8+ Bf8 57. g4 a4 58. Ng6 a3 59. Nxf8 b2 60.
Ne6+ Kf7 61. Rb7+ Kg8 62. g6 b1=Q {Diagram # Remaining moves not recorded.} ({
It's likely that white was very short on time, otherwise white has mate in 10
with} 62... b1=Q 63. Bxb1 Rh1+ 64. Kg3 Rg1+ 65. Kh4 Rh1+ 66. Kg5 Rxb1 67. Rg7+
Kh8 68. Rf7 Rb8 69. Rf8+ Rxf8 70. g7+ Kh7 71. gxf8=Q Bxd5 72. Qg7#) 1/2-1/2

[Event "Washington Open"]
[Site "Redmond, WA"]
[Date "2008.05.25"]
[Round "4"]
[White "Rupel, David"]
[Black "Poitras, Luc"]
[Result "0-1"]
[WhiteElo "2082"]
[BlackElo "2223"]
[PlyCount "51"]
[EventDate "2008.05.??"]
[SourceDate "2008.05.24"]

1. d4 Nf6 2. c4 e6 3. Nc3 Bb4 4. e3 O-O 5. Bd3 d5 6. a3 Bxc3+ 7. bxc3 dxc4 8.
Bxc4 c5 9. Ne2 Qc7 10. Ba2 Nc6 11. O-O b6 12. Qc2 Ba6 13. dxc5 Rfd8 14. c4 Ne5
15. cxb6 axb6 16. Bb2 Nd3 17. Bxf6 gxf6 18. Rfd1 Ne5 19. Rxd8+ Rxd8 20. Nd4 Ng4
21. Nf3 Bb7 22. h3 Bxf3 23. hxg4 Qe5 24. Re1 Bxg4 25. Qc1 Rd3 26. Bb1 {
remaining moves indecipherable. Black won on move 69.} 0-1

[Event "Washington Open"]
[Site "Redmond, WA"]
[Date "2008.05.25"]
[Round "4"]
[White "Lapid Shafriri, Gil"]
[Black "Cloy, Elston"]
[Result "1-0"]
[WhiteElo "2118"]
[BlackElo "1965"]
[PlyCount "70"]
[EventDate "2008.05.??"]
[SourceDate "2008.05.24"]

1. d4 d5 2. c4 c6 3. Nc3 Nf6 4. cxd5 cxd5 5. Bf4 Nc6 6. e3 a6 7. Bd3 e6 8. Nf3
Be7 9. h3 O-O 10. O-O Bd7 11. Rc1 b5 12. Ne5 Nxe5 13. dxe5 Ne8 14. Ne2 f6 15.
Nd4 fxe5 16. Bxe5 Bf6 17. Nf3 Qb6 18. Qd2 Nd6 19. Qc2 Nf5 20. Qc7 Qa7 21. Bxf5
exf5 22. Qd6 Rac8 23. Qxd5+ Kh8 24. Bxf6 gxf6 25. Rxc8 Bxc8 26. Nd4 Rg8 27. Qd6
Qg7 28. g3 f4 29. exf4 Bxh3 30. Re1 Qg6 31. Qxa6 Qh6 32. Qd6 Qh4 33. Re3 Qh6
34. Re1 Qh4 35. Re3 Qh6 {
remaining moves unclear. White won on or after move 46.} 1-0

[Event "Washington Open"]
[Site "Redmond, WA"]
[Date "2008.05.25"]
[Round "4"]
[White "Gale, Geoff"]
[Black "Skulsky, Ian"]
[Result "0-1"]
[WhiteElo "2038"]
[BlackElo "2138"]
[PlyCount "94"]
[EventDate "2008.05.??"]
[SourceDate "2008.05.24"]

1. e4 e6 2. d4 a6 3. Nf3 b5 4. Bd3 Bb7 5. O-O c5 6. c3 Nf6 7. Bg5 h6 8. Bxf6
Qxf6 9. Nbd2 Qd8 10. Qe2 Be7 11. Rad1 Qb6 12. Rfe1 cxd4 13. cxd4 d6 14. Nf1 Nd7
15. h4 g6 16. Ng3 e5 17. h5 Bf6 18. Bb1 O-O-O 19. d5 Kb8 20. b4 Rc8 21. Bd3
Rhg8 22. Ra1 Rg7 23. Rec1 Rcg8 24. Ne1 Bh4 25. Nf1 gxh5 26. Ne3 Bg5 27. a4 Bxe3
28. fxe3 h4 29. Qd2 Rg3 30. axb5 Rxe3 31. Qf2 h3 32. Ra2 Rxe1+ 33. Rxe1 Rxg2+
34. Kf1 Rxf2+ 35. Rxf2 Qd4 36. Ke2 Qb2+ 37. Kf1 Qc3 38. Ke2 h2 39. Rh1 Qb2+ 40.
Ke3 Qd4+ 41. Ke2 f5 42. Rxf5 axb5 43. Rf2 Nb6 44. Rhxh2 Nc4 45. Rh3 Bc8 46. Rg3
h5 47. Rf8 h4 0-1

[Event "Washington Open"]
[Site "Redmond, WA"]
[Date "2008.05.25"]
[Round "4"]
[White "Shimota, Carl"]
[Black "Watts, Peter"]
[Result "0-1"]
[WhiteElo "1472"]
[BlackElo "1845"]
[PlyCount "86"]
[EventDate "2008.05.??"]
[SourceDate "2008.05.24"]

1. e4 Nf6 2. Nc3 d6 3. Nf3 g6 4. d4 Bg7 5. Bg5 O-O 6. Qd2 b6 7. Bd3 Nbd7 8. Ne2
Bb7 9. Ng3 d5 10. exd5 Bxd5 11. h4 h5 12. c3 c5 13. dxc5 Nxc5 14. Be2 Nce4 15.
Nxe4 Nxe4 16. Qc2 Qc7 17. O-O Nxg5 18. Nxg5 Bc4 19. Rfe1 Bxe2 20. Rxe2 Rac8 21.
Rae1 e6 22. Re4 Bf6 23. Nh3 Kg7 24. Nf4 Qc6 25. g3 Rfd8 26. Ng2 Qc5 27. Ne3 b5
28. a3 a5 29. Qb1 Rd2 30. b4 Qxc3 31. bxa5 Rb2 32. Qd1 Qxa5 33. Ng2 Qxa3 34.
Nf4 Rd8 35. Qc1 Qc3 36. Qa1 Qf3 37. Nxe6+ fxe6 38. Qa7+ Kh8 39. Rxe6 Rf8 40.
Re8 Bg7 41. Rxf8+ Qxf8 42. Re7 Rxf2 43. Rxg7 Rf1+ 0-1

[Event "Washington Open"]
[Site "Redmond, WA"]
[Date "2008.05.25"]
[Round "4"]
[White "Webb, Delmar"]
[Black "Chan, James"]
[Result "0-1"]
[WhiteElo "1785"]
[BlackElo "1963"]
[PlyCount "66"]
[EventDate "2008.05.??"]
[SourceDate "2008.05.24"]

1. e4 c5 2. Nf3 d6 3. d4 cxd4 4. Nxd4 Nf6 5. Nc3 a6 6. Be2 e5 7. Nb3 Be6 8. Bg5
Nbd7 9. O-O Be7 10. Qd2 Qc7 11. f3 Rc8 12. Rac1 b5 13. Be3 O-O 14. Bd3 Nb6 15.
Qf2 Nc4 16. Bxc4 Bxc4 17. Rfd1 Rb8 18. a3 Rfc8 19. Nd2 Be6 20. g4 Qb7 21. g5
Nh5 22. Ne2 d5 23. Qh4 g6 24. exd5 Bxd5 25. Ne4 Bxe4 26. fxe4 Rc4 27. Nc3 Bxa3
28. Nd5 Bxb2 29. Nf6+ Nxf6 30. gxf6 Qxe4 31. Qh6 Qg4+ 32. Kh1 Qf3+ 33. Kg1 Rg4#
0-1

[Event "Washington Open"]
[Site "Redmond, WA"]
[Date "2008.05.25"]
[Round "4"]
[White "Avril, Aaron"]
[Black "Wang, Michael"]
[Result "0-1"]
[WhiteElo "1002"]
[BlackElo "1800"]
[Annotator "Harrison"]
[PlyCount "74"]
[EventDate "2008.05.??"]
[SourceDate "2008.05.24"]

1. c4 c5 2. Nc3 Nc6 3. g3 g6 4. Nf3 Bg7 5. e4 d6 6. Bg2 Nf6 7. d4 cxd4 8. Nxd4
Nxd4 9. Qxd4 O-O 10. O-O Be6 11. Rd1 Ng4 (11... Nd5 $5 12. Qd3 Nxc3 13. bxc3
Qc7 14. Bf1 Rfc8) 12. e5 Nxe5 13. Qe4 Nxc4 14. Qxb7 Rb8 15. Qxa7 Nxb2 16. Bxb2
Rxb2 17. Rdc1 Rd2 18. a4 Bd4 19. Qb7 Rxf2 20. Ra3 Rb2+ 21. Kh1 Rxb7 22. Bxb7
Qa5 23. Rc2 Qf5 24. Rc1 Qc5 25. h4 Qxa3 26. Ne2 Qb2 27. Ba6 Bd5+ 28. Kh2 Qd2
29. Kh3 Be6+ 30. Kg2 Qe3 31. Rf1 Bg4 32. Ng1 Qd2+ 33. Kh1 Bxg1 34. Kxg1 Bh3 35.
Rf2 Qe1+ 36. Bf1 Bxf1 37. Rxf1 Qxg3+ 0-1

[Event "Washington Open"]
[Site "Redmond, WA"]
[Date "2008.05.25"]
[Round "4"]
[White "Kelley, Dereque"]
[Black "Selzler, Ricky"]
[Result "1/2-1/2"]
[WhiteElo "2072"]
[BlackElo "2156"]
[PlyCount "74"]
[EventDate "2008.05.??"]
[SourceDate "2008.05.24"]

1. d4 Nf6 2. c4 g6 3. Nc3 Bg7 4. e4 d6 5. Be2 O-O 6. Nf3 e5 7. O-O Nc6 8. d5
Ne7 9. Ne1 Nd7 10. Be3 f5 11. f3 f4 12. Bf2 g5 13. Rc1 Ng6 14. c5 dxc5 15. Nd3
b6 16. b4 c4 17. Nb2 Nf6 18. Nxc4 Rf7 19. d6 c6 20. a4 Bf8 21. b5 c5 22. a5 Rb8
23. Rc2 Rg7 24. axb6 axb6 25. Nd5 Be6 26. Ndxb6 Rxb6 27. Nxb6 Qxb6 28. Rxc5
Qxd6 29. b6 g4 30. Rc7 g3 31. Rxg7+ Kxg7 32. hxg3 fxg3 33. Bxg3 Qxb6+ 34. Bf2
Qd6 35. Qxd6 Bxd6 36. Rd1 Be7 37. g3 h5 1/2-1/2

[Event "Washington Open"]
[Site "Redmond, WA"]
[Date "2008.05.25"]
[Round "4"]
[White "Carr, Leroy Dillon"]
[Black "Levy, Mireya"]
[Result "1-0"]
[WhiteElo "1469"]
[BlackElo "1661"]
[PlyCount "43"]
[EventDate "2008.05.??"]
[SourceDate "2008.05.24"]

1. e4 d5 2. exd5 Nf6 3. d4 Bg4 4. Nf3 Qxd5 5. Nc3 Qh5 6. Nb5 Na6 7. c4 c6 8.
Nc3 O-O-O 9. Be2 e6 10. Ne5 Bxe2 11. Qxe2 Rxd4 12. Qxh5 Nxh5 13. Nxf7 Rg8 14.
Be3 Rxc4 15. Rd1 Bb4 16. Bxa7 Bxc3+ 17. bxc3 Rxc3 18. Bd4 Rc2 19. Nd6+ Kc7 20.
Be5 Nb4 21. Nc4+ Kc8 22. Nb6# 1-0

[Event "Washington Open"]
[Site "Redmond, WA"]
[Date "2008.05.26"]
[Round "5"]
[White "Bragg, David"]
[Black "Bartron, Paul"]
[Result "0-1"]
[WhiteElo "2210"]
[BlackElo "2127"]
[Annotator "Bartron"]
[PlyCount "54"]
[EventDate "2008.05.??"]
[SourceDate "2008.05.24"]

1. e3 d5 2. c4 e6 3. b3 Be7 4. Bb2 Bf6 5. d4 Ne7 6. f4 c5 7. Nf3 Nf5 8. Qd2 Nc6
9. cxd5 exd5 10. Bb5 O-O 11. O-O cxd4 12. exd4 Qb6 13. Bxc6 bxc6 14. g4 Nd6 15.
Ne5 Ne4 16. Qg2 Re8 17. Nc3 Qxd4+ 18. Kh1 Nxc3 19. Rac1 Ba6 20. Rf2 Bxe5 21.
fxe5 Qxe5 22. Bxc3 d4 23. Bd2 Bd3 24. Kg1 Be4 25. Qh3 Bd5 26. Bf4 Qe4 27. Kf1 (
27. Rff1 Re6 {with an attack}) 27... Qh1# 0-1

[Event "Washington Open"]
[Site "Redmond, WA"]
[Date "2008.05.26"]
[Round "5"]
[White "Perez, Ignacio"]
[Black "Pupols, Viktors"]
[Result "1-0"]
[WhiteElo "2320"]
[BlackElo "2214"]
[PlyCount "67"]
[EventDate "2008.05.??"]
[SourceDate "2008.05.24"]

1. e4 e6 2. d4 d5 3. Nc3 Nf6 4. Bg5 dxe4 5. Nxe4 Be7 6. Bxf6 Bxf6 7. Nf3 O-O 8.
Qd2 b6 9. O-O-O Bb7 10. Bd3 Nd7 11. Qf4 Qb8 12. Nfg5 Bxe4 13. Bxe4 Bxg5 14.
Qxg5 Qd8 15. h4 Rc8 16. Qe3 Qe7 17. f4 Rfd8 18. g4 Nf6 19. Bf3 Qd6 20. c4 c6
21. g5 Nd7 22. h5 Nf8 23. Kb1 Qb4 24. h6 Qd6 25. c5 Qe7 26. hxg7 Kxg7 27. Rh6
bxc5 28. Be4 Rxd4 29. Rdh1 Qd6 30. Bc2 Qxf4 31. Qh3 Rcd8 {Diagram #} 32. Rxh7+
Nxh7 33. Qh6+ Kg8 34. Bxh7+ 1-0

[Event "Washington Open"]
[Site "Redmond, WA"]
[Date "2008.05.26"]
[Round "5"]
[White "Marcjan, Karen"]
[Black "Avril, Aaron"]
[Result "1-0"]
[WhiteElo "1505"]
[BlackElo "1002"]
[PlyCount "77"]
[EventDate "2008.05.??"]
[SourceDate "2008.05.24"]

{A cross-section pairing} 1. e4 a6 2. d4 b5 3. Bd3 Nf6 4. Bf4 Bb7 5. Nd2 e6 6.
Ngf3 c5 7. c3 a5 8. Qe2 c4 9. Bc2 d5 10. e5 Nfd7 11. O-O h6 12. h3 b4 13. Rfe1
Be7 14. Qe3 b3 15. axb3 cxb3 16. Bxb3 Ba6 17. Ba4 g5 18. Bh2 h5 19. Nb3 g4 20.
hxg4 hxg4 21. Nfd2 Bg5 22. Bf4 Bxf4 23. Qxf4 Qh4 24. f3 Ke7 25. Qxg4 Qh6 26. f4
f6 27. exf6+ Kd8 28. f7 Qh2+ 29. Kf2 Rh4 30. Qg5+ Kc7 31. Nf3 Rxf4 32. Rh1
Rxf3+ 33. Kxf3 Qd6 34. Rh8 Nf8 35. Qe5 Qxe5 36. dxe5 Ng6 37. f8=Q Nxe5+ 38. Kg3
Bb7 39. Qd8# 1-0

[Event "Washington Open"]
[Site "Redmond, WA"]
[Date "2008.05.26"]
[Round "5"]
[White "Wang, Michael"]
[Black "Carr, Leroy Dillon"]
[Result "1-0"]
[WhiteElo "1800"]
[BlackElo "1469"]
[PlyCount "78"]
[EventDate "2008.05.??"]
[SourceDate "2008.05.24"]

1. c4 Nf6 2. Nc3 g6 3. g3 Bg7 4. Bg2 O-O 5. Nf3 d6 6. O-O e5 7. d3 Re8 8. Rb1
c6 9. Bg5 h6 10. Bxf6 Bxf6 11. Nd2 Be6 12. Nde4 Bg7 13. c5 d5 14. Nd6 Re7 15.
Qa4 b5 16. Qa3 a5 17. Nd1 Na6 18. b3 b4 19. Qc1 Rd7 20. e3 Nxc5 21. Nxf7 Qe7
22. Nxe5 Bxe5 23. d4 Bd6 24. dxc5 Bxc5 25. Rb2 a4 26. Rc2 axb3 27. axb3 Ra5 28.
Nb2 Rb7 29. Nd3 Rbb5 30. Qd2 Bf5 31. Rfc1 Be4 32. Bxe4 dxe4 33. Nf4 g5 34. Ne2
Ra3 35. Nd4 Bxd4 36. Qxd4 Rd5 37. Qb6 Rxb3 38. Qxc6 Rd6 39. Qc8+ Qf8 {
remaining moves unclear} 1-0

[Event "Washington Open"]
[Site "Redmond, WA"]
[Date "2008.05.26"]
[Round "5"]
[White "Gay, Daniel"]
[Black "Wilson, Matthew"]
[Result "1-0"]
[WhiteElo "1983"]
[BlackElo "1863"]
[PlyCount "53"]
[EventDate "2008.05.??"]
[SourceDate "2008.05.24"]

1. e4 c5 2. Nf3 a6 3. c4 e6 4. Nc3 Qc7 5. d4 cxd4 6. Nxd4 Nf6 7. Bd3 Nc6 8. Be3
Ne5 9. Qe2 Nfg4 10. Rc1 Nxe3 11. fxe3 Nxd3+ 12. Qxd3 d6 13. O-O Be7 14. Rf3 b6
15. h4 Bb7 16. h5 Rc8 17. b3 O-O 18. Qe2 d5 19. exd5 exd5 20. cxd5 Bxd5 21.
Rff1 Bb7 22. Nd5 Qd8 23. Rxc8 Bxc8 24. Nc6 Qd6 25. Ncxe7+ Kh8 26. Nxc8 Qxd5 27.
Nxb6 1-0